000
00201nam a22000977a 4500
082
_a
746.44 LEA'D
245
_a
LEACH, AGNES M
260
_a
LONDON
_b
EDWARD HULTON
_c
1959
300
_a
118P
942
_c
BK
999
_c
568305
_d
568305